000 00810nam a2200181Ia 4500
003 GCL
008 140319s9999 xx 000 0 ara d
040 _aGCL /
_cGCL
082 0 4 _a273.9
_bن ر
100 1 _aنبيل لوقا بباوى
245 1 0 _aالرد على شفرة دافينشى والرسوم المسيئة للرسول محمد صلى الله عليه وسلم أوقفوا الأفلام التى تمس السيد المسيح والرسول صلى الله عليه وسلم /
_cنبيل لوقا بباوى
260 _aالقاهرة :
_bدار البباوى للنشر ،
_c2006
300 _a176 ص ؛
_c24 سم
650 0 4 _aالمسيح - صلبه
650 0 4 _aالمسيحية والحرية الدينية
650 0 4 _aالمسيحية - دفع مطاعن
942 _2ddc
_cBK
999 _c9297
_d9297